[Event "XII Sabadell Open 2019"]
[Site "Sabadell"]
[Date "2019.09.02"]
[Round "1.1"]
[White "Stella, Andrea"]
[Black "Harshad S"]
[Result "1/2-1/2"]
[WhiteElo "2487"]
[BlackElo "2237"]
[Annotator "TA"]
[PlyCount "73"]
[EventDate "2019.09.01"]
[EventCountry "ESP"]
[SourceTitle "playchess.com"]
[Source "ChessBase"]
[SourceQuality "1"]

{[%evp 9,73,-29,0,0,0,0,0,0,0,-7,-2,-13,-5,-19,-17,-13,0,2,22,23,48,56,53,44,45,52,45,46,47,31,43,42,44,46,44,29,46,36,101,0,0,0,0,0,11,0,0,-10,-8,-16,0,-13,-13,-13,-13,-13,-10,-17,0,0,0,-14,9,0,0,-27]} 1. Nf3 d5 2. c4 d4 3. b4 f6 4. Na3 e5 5. Nc2 a5 6. b5 {A09: Réti Opening: 1 Nf3 d5 2 c4} b6 $146 ({Predecessor:} 6... Nh6 7. d3 Nf7 8. g3 Nd7 9. Bg2 Nc5 10. O-O Be7 11. Ba3 O-O {1-0 (30) Ding,L (2766)-Wojtaszek,R (2727) Huaian 2016}) 7. d3 Bb7 8. e3 dxe3 9. Bxe3 Bd6 10. d4 Nd7 11. Be2 Ne7 12. dxe5 Nxe5 13. Nfd4 Qd7 14. f4 N5g6 15. Bg4 f5 16. Bf3 Be4 17. O-O O-O 18. Bxe4 fxe4 19. g3 Rae8 20. Qe2 Nf5 21. Nxf5 Qxf5 22. Rad1 Ne7 23. Kh1 Qf6 {[#]} (23... Qh3 $14) 24. Bd4 (24. f5 $1 $16 {[%mdl 512]}) 24... Qe6 $11 {The position is equal.} 25. Ne3 Nf5 26. Nxf5 Rxf5 27. Be3 (27. a4 {is interesting.} h5 28. Kg2 Qg6 29. Be3 Ref8 30. Kh1) 27... h5 28. Rd2 Bb4 29. Rdd1 Bd6 30. Rc1 Bc5 31. Rfd1 Bxe3 32. Qxe3 Rc5 33. Rd4 Kh8 34. Kg1 Kg8 35. Kh1 Kh8 36. Kg1 Kg8 37. Kh1 {Accuracy: White = 55%, Black = 64%.} 1/2-1/2

[Event "XII Sabadell Open 2019"]
[Site "Sabadell"]
[Date "2019.09.02"]
[Round "1.2"]
[White "Rivera, Ingris"]
[Black "Sturt, Raven"]
[Result "0-1"]
[WhiteElo "2236"]
[BlackElo "2478"]
[Annotator "TA"]
[PlyCount "60"]
[EventDate "2019.09.01"]
[EventCountry "ESP"]
[SourceTitle "playchess.com"]
[Source "ChessBase"]
[SourceQuality "1"]

{[%evp 21,60,8,8,6,9,0,13,8,14,0,0,0,10,-4,0,-41,-17,-29,-20,-46,-52,-52,-7,-11,30,-37,-53,-247,-150,-150,-149,-181,-190,-463,-469,-782,-641,-29973,-29971,-29995,-858]} 1. d4 d5 2. c4 c6 3. Nc3 Nf6 4. Nf3 dxc4 5. a4 Bf5 6. e3 e6 7. Bxc4 Bb4 8. O-O Nbd7 9. Bd3 Bxd3 10. Qxd3 O-O 11. Rd1 Qe7 12. Bd2 {D19: Slav Defence: 5 a4 Bf5 6 e3: Main line with 9 Qe2} Rad8 (12... e5 13. Ne4 Bxd2 14. Nxf6+ Nxf6 15. dxe5 Ba5 16. exf6 Qxf6 17. Qb3 Qe7 18. Rd4 Rad8 19. Rad1 Rxd4 20. Rxd4 Rd8 21. Rxd8+ Bxd8 {½-½ (22) David,A (2605)-Kazhgaleyev,M (2645) Paris 2009}) 13. Ne2 $146 ({Predecessor:} 13. Ne4 Bxd2 14. Nxf6+ Nxf6 15. Rxd2 a5 16. Qc2 Nd5 17. Rc1 Nb4 18. Qc5 Qxc5 19. Rxc5 Rd5 20. Rc1 {½-½ (21) Horber,J (2105)-Nobili,D (2048) Cannes 2000}) 13... Bd6 14. Qb3 {The position is equal.} Rb8 15. Ng3 c5 16. Bc3 Rfc8 17. a5 Rc7 18. Qb5 a6 19. Qd3 Rbc8 20. Ng5 cxd4 21. Bxd4 Ne5 22. Qb1 Neg4 23. Bxf6 (23. h3 $11) 23... Nxf6 $15 24. Nh5 $2 (24. N3e4 $15 Nxe4 25. Nxe4) 24... Rc2 25. Nxf6+ Qxf6 {[%mdl 64] Double Attack} ({Resist} 25... gxf6 26. Nf3 $15) 26. Ne4 {[#]} Bxh2+ $1 $40 {[%mdl 640] Black attacks with force.} 27. Kf1 $2 (27. Kxh2 {is the only way for White.} Qh4+ {[%mdl 64] Double Attack} 28. Kg1 Qxe4 29. Rd2 $1 {[%mdl 512]}) 27... Qh4 $19 28. f3 (28. Rd2 $142 Qxe4 29. Qxc2 $1 {[%mdl 512]} Qxc2 30. Rxc2 Rxc2 31. g3) 28... f5 29. Nd2 Bg3 30. b3 {[#]} Qh1+ {Accuracy: White = 17%, Black = 60%.} (30... Rd8 $142 $1 {[%mdl 512]} 31. Ke2 {[#]} Be1 $1 {[%mdl 512]} 32. g3 Qxg3 $1 {[%mdl 512]} 33. Rxe1 Rdxd2+ 34. Kf1 Qg2#) 0-1

[Event "XII Sabadell Open 2019"]
[Site "Sabadell"]
[Date "2019.09.02"]
[Round "1.3"]
[White "Moskalenko, Viktor"]
[Black "Lever, Erwan"]
[Result "0-1"]
[WhiteElo "2475"]
[BlackElo "2221"]
[Annotator "RC"]
[PlyCount "158"]
[EventDate "2019.09.01"]
[EventCountry "ESP"]
[SourceTitle "playchess.com"]
[Source "ChessBase"]
[SourceQuality "1"]
[TimeControl "5400+30"]

1. e4 {[%emt 0:01:25]} c5 {[%emt 0:00:00]} 2. Nc3 {[%emt 0:00:06]} a6 {[%emt 0:00:00]} 3. g3 {[%emt 0:00:25]} e6 {[%emt 0:00:56]} 4. Bg2 {[%emt 0:00:09]} Nc6 {[%emt 0:00:24]} 5. Nh3 {[%emt 0:01:53]} g6 {[%emt 0:01:54]} 6. O-O {[%emt 0:00:39]} Bg7 {[%emt 0:00:13]} 7. f4 {[%emt 0:04:04]} Nge7 {[%emt 0:02:03]} 8. d3 {[%emt 0:00:06]} O-O {[%emt 0:24:48]} 9. Nf2 {[%emt 0:05:03]} d6 {[%emt 0:10:58]} 10. Ne2 {[%emt 0:27:08]} b5 {[%emt 0:00:00]} 11. Rb1 {[%emt 0:22:51]} b4 {[%emt 0:11:51]} 12. b3 {[%emt 0:16:49]} Bb7 {[%emt 0:00:00]} 13. Bb2 {[%emt 0:00:00]} Nd4 {[%emt 0:00:00]} 14. Nxd4 {[%emt 0:00:00]} cxd4 {[%emt 0:00:00]} 15. Qe2 {[%emt 0:00:00]} Rc8 {[%emt 0:00:00]} 16. g4 {[%emt 0:03:35]} Rc5 {[%emt 0:08:28]} 17. g5 {[%emt 0:04:26]} Qc7 {[%emt 0:00:00]} 18. Qe1 {[%emt 0:17:48]} a5 {[%emt 0:17:38]} 19. Ng4 {[%emt 0:00:00]} Rxc2 {[%emt 0:00:10]} 20. Bf3 {[%emt 0:00:00]} d5 {[%emt 0:02:01]} 21. Nf6+ {[%emt 0:00:00]} Bxf6 {[%emt 0:00:17]} 22. gxf6 {[%emt 0:00:00]} Qxf4 {[%emt 0:03:33]} 23. Rf2 {[%emt 0:00:00]} Rxf2 {[%emt 0:00:00]} 24. Qxf2 {[%emt 0:00:00]} Nc6 25. Bg2 {[%emt 0:02:54]} Qxf2+ {[%emt 0:00:57]} 26. Kxf2 {[%emt 0:00:45]} Ne5 {[%emt 0:01:21]} 27. Bxd4 {[%emt 0:04:06]} Nxd3+ {[%emt 0:04:41]} 28. Ke3 {[%emt 0:00:00]} dxe4 {[%emt 0:00:05]} 29. Bxe4 {[%emt 0:00:00]} Bxe4 {[%emt 0:00:50]} 30. Kxe4 {[%emt 0:00:00]} Rd8 {[%emt 0:00:07]} 31. Kxd3 {[%emt 0:00:00]} e5 {[%emt 0:00:06]} 32. Rc1 {[%emt 0:00:00]} Rxd4+ {[%emt 0:04:18]} 33. Ke3 {[%emt 0:00:00]} Rd8 {[%emt 0:00:11]} 34. Rc5 {[%emt 0:00:00]} Ra8 {[%emt 0:00:04]} 35. Rxe5 {[%emt 0:00:00]} h6 {[%emt 0:00:29]} 36. Kd4 {[%emt 0:00:00]} g5 {[%emt 0:03:08]} 37. Ke4 {[%emt 0:00:00]} a4 {[%emt 0:01:47]} 38. Rb5 {[%emt 0:00:00]} axb3 {[%emt 0:00:05]} 39. axb3 {[%emt 0:00:00]} Kh7 {[%emt 0:00:09]} 40. Rxb4 {[%emt 0:00:00]} Ra2 {[%emt 0:00:22]} 41. h4 {[%emt 0:00:00]} Rh2 {[%emt 0:00:23]} 42. Kf5 {[%emt 0:00:00]} Rf2+ {[%emt 0:01:32]} 43. Kg4 {[%emt 0:00:00]} Kg6 {[%emt 0:00:20]} 44. hxg5 {[%emt 0:00:00]} hxg5 {[%emt 0:00:07]} 45. Rb8 {[%emt 0:00:00]} Rf4+ {[%emt 0:00:05]} 46. Kg3 {[%emt 0:00:00]} Rxf6 {[%emt 0:00:19]} 47. b4 {[%emt 0:00:00]} Rc6 {[%emt 0:00:27]} 48. b5 {[%emt 0:00:00]} Rc3+ {[%emt 0:00:02]} 49. Kf2 {[%emt 0:00:00]} f5 {[%emt 0:00:07]} 50. Ke2 {[%emt 0:00:00]} f4 {[%emt 0:00:07]} 51. Kd2 {[%emt 0:00:00]} Rc5 {[%emt 0:00:21]} 52. Kd3 {[%emt 0:00:57]} Kf5 {[%emt 0:00:07]} 53. Kd4 {[%emt 0:00:12]} Rc1 {[%emt 0:00:07]} 54. b6 {[%emt 0:00:07]} Kg4 {[%emt 0:00:16]} 55. b7 {[%emt 0:00:39]} Rb1 {[%emt 0:00:05]} 56. Ke4 {[%emt 0:01:14]} Rb3 {[%emt 0:02:22]} 57. Kd4 {[%emt 0:00:04]} f3 {[%emt 0:00:17]} 58. Kc4 {[%emt 0:00:07]} Rb1 {[%emt 0:00:09]} 59. Kd3 {[%emt 0:00:08]} Rb3+ {[%emt 0:05:02]} 60. Kd2 {[%emt 0:00:38]} f2 {[%emt 0:00:59]} 61. Ke2 {[%emt 0:01:34]} Kg3 {[%emt 0:00:40]} 62. Rf8 {[%emt 0:00:05]} Rxb7 {[%emt 0:00:37]} 63. Rf3+ {[%emt 0:00:29]} Kg4 {[%emt 0:00:05]} 64. Rf8 {[%emt 0:00:53]} Rb4 {[%emt 0:01:43]} 65. Kf1 {[%emt 0:00:19]} Kg3 {[%emt 0:00:24]} 66. Rf3+ {[%emt 0:00:08]} Kg4 {[%emt 0:00:09]} 67. Rxf2 {[%emt 0:01:04]} Kh3 {[%emt 0:01:40]} 68. Rf3+ {[%emt 0:00:10]} Kh2 {[%emt 0:00:07]} 69. Rf2+ {[%emt 0:00:12]} Kh1 {[%emt 0:00:42]} 70. Rf8 {[%emt 0:01:05]} Rh4 {[%emt 0:00:18]} 71. Rg8 {[%emt 0:00:38]} Rf4+ {[%emt 0:00:15]} 72. Ke2 {[%emt 0:00:03]} Rf5 {[%emt 0:00:20]} 73. Rh8+ {[%emt 0:00:43]} Kg2 {[%emt 0:00:02]} 74. Rh5 {[%emt 0:00:04]} Re5+ {[%emt 0:00:31]} 75. Kd3 {[%emt 0:00:10]} Kg3 {[%emt 0:00:07]} 76. Kd4 {[%emt 0:00:11]} Ra5 {[%emt 0:00:09]} 77. Ke3 {[%emt 0:00:44]} Rf5 {[%emt 0:00:39]} 78. Ke2 {[%emt 0:00:27]} Rf2+ {[%emt 0:00:37]} 79. Ke1 {[%emt 0:01:25]} g4 {[%emt 0:00:11]} 0-1

[Event "XII Sabadell Open 2019"]
[Site "Sabadell"]
[Date "2019.09.02"]
[Round "1.4"]
[White "Campos Cayuelas, Adria"]
[Black "Oliva Castaneda, Kevel"]
[Result "0-1"]
[WhiteElo "2196"]
[BlackElo "2470"]
[Annotator "ChessBase"]
[PlyCount "42"]
[EventDate "2019.09.01"]
[EventCountry "ESP"]
[SourceTitle "playchess.com"]
[Source "ChessBase"]
[SourceQuality "1"]
[TimeControl "5400+30"]

1. e4 {[%emt 0:00:00]} e5 {[%emt 0:00:00]} 2. Nf3 {[%emt 0:00:00]} Nc6 {[%emt 0:00:00]} 3. Bb5 {[%emt 0:00:20]} a6 {[%emt 0:00:00]} 4. Ba4 {[%emt 0:00:05]} Nf6 {[%emt 0:00:00]} 5. d3 {[%emt 0:00:41]} d6 {[%emt 0:00:00]} 6. c3 {[%emt 0:00:13]} g6 {[%emt 0:00:03]} 7. O-O {[%emt 0:00:29]} Bg7 {[%emt 0:00:05]} 8. Re1 {[%emt 0:00:37]} O-O {[%emt 0:00:12]} 9. d4 {[%emt 0:00:49]} b5 {[%emt 0:03:53]} 10. Bc2 {[%emt 0:00:30]} Bb7 {[%emt 0:06:02]} 11. a4 {[%emt 0:07:15]} exd4 {[%emt 0:00:25]} 12. cxd4 {[%emt 0:00:11]} Nb4 {[%emt 0:00:05]} 13. axb5 {[%emt 0:04:53]} axb5 {[%emt 0:00:40]} 14. Rxa8 {[%emt 0:01:38]} Qxa8 {[%emt 0:00:09]} 15. d5 {[%emt 0:00:30]} c6 {[%emt 0:00:37]} 16. Nd4 {[%emt 0:11:21]} cxd5 {[%emt 0:15:19]} 17. Nxb5 {[%emt 0:03:14]} dxe4 {[%emt 0:14:52]} 18. Bb3 {[%emt 0:04:46]} Nd3 {[%emt 0:00:20]} 19. Re2 {[%emt 0:01:07]} d5 {[%emt 0:02:46]} 20. Be3 {[%emt 0:06:02]} Ng4 {[%emt 0:01:09]} 21. Bb6 {[%emt 0:00:15]} Qa6 {[%emt 0:00:32]} 0-1

[Event "XII Sabadell Open 2019"]
[Site "Sabadell"]
[Date "2019.09.02"]
[Round "1.5"]
[White "Arenas, David"]
[Black "Franco Valencia, Beatriz Irene"]
[Result "1-0"]
[WhiteElo "2454"]
[BlackElo "2159"]
[Annotator "TA"]
[PlyCount "63"]
[EventDate "2019.09.01"]
[EventCountry "ESP"]
[SourceTitle "playchess.com"]
[Source "ChessBase"]
[SourceQuality "1"]

{[%evp 10,63,18,14,24,17,23,22,23,18,28,26,19,24,18,20,60,54,58,60,58,12,23,-23,-8,-72,-50,-71,0,0,68,85,81,20,20,12,29,-26,163,189,194,187,171,117,143,142,337,338,422,421,454,439,591,591,581,495]} 1. e4 c6 2. d4 d5 3. e5 Bf5 4. Nd2 e6 5. Nb3 Nd7 6. Nf3 Ne7 {B12: Caro-Kann: Advance Variation} 7. Be2 Nc8 8. O-O Be7 {The position is equal.} 9. a4 O-O 10. a5 a6 11. c4 Na7 12. Be3 Rc8 $146 ({Predecessor:} 12... dxc4 13. Bxc4 Nb5 14. Ne1 {0-1 (51) Naiditsch,A (2678)-Nisipeanu,L (2684) Dresden 2008}) 13. Nfd2 dxc4 14. Nxc4 Nb5 15. Nbd2 c5 16. dxc5 Bxc5 17. Bf3 (17. Qb3 $11 {keeps the balance.}) 17... Rc7 18. Re1 Nd4 (18... Qe7 $17) 19. Be4 $11 Bg6 (19... Nb5 $11) 20. b4 Ba7 {[#] ...Bxe4 is the strong threat.} 21. Rc1 (21. Bxg6 $1 $16 {aiming for Bd3.} hxg6 22. Ra3) 21... b5 22. axb6 Nxb6 23. Nd6 (23. Nxb6 $142 Rxc1 24. Qxc1 Qxb6 25. Qc4) 23... Nb5 $2 (23... Nd5 $11 {and Black is okay.}) 24. Bc5 $36 {[%mdl 2048] Black is under strong pressure.} Bxe4 25. N2xe4 {[#] Hoping for Nxb5.} Nxd6 26. Qxd6 ({Better is} 26. exd6 $18 Rb7 27. Ra1) 26... Qxd6 27. exd6 ({Resist} 27. Nxd6 $6 Nd5 $14) 27... Rc6 $2 (27... Rb7 $16 28. Ra1 Nd7 29. Rxa6 Bb6) 28. Be3 Rxc1 29. Rxc1 {White is clearly winning.} f5 30. Ng5 f4 31. Bxb6 Bxb6 32. d7 {Accuracy: White = 58%, Black = 26%.} 1-0

[Event "XII Sabadell Open 2019"]
[Site "Sabadell"]
[Date "2019.09.02"]
[Round "1.6"]
[White "Vicient Calvo, Ramon"]
[Black "Diaz Camallonga, Carles"]
[Result "0-1"]
[WhiteElo "2155"]
[BlackElo "2440"]
[Annotator "NA"]
[PlyCount "118"]
[EventDate "2019.09.01"]
[EventCountry "ESP"]
[SourceTitle "playchess.com"]
[Source "ChessBase"]
[SourceQuality "1"]
[TimeControl "5400+30"]

1. d4 {[%emt 0:00:00]} e6 {[%emt 0:00:12]} 2. e4 {[%emt 0:00:00]} d5 {[%emt 0:00:00]} 3. Nd2 {[%emt 0:00:00]} c5 {[%emt 0:00:11]} 4. Ngf3 {[%emt 0:00:00]} cxd4 {[%emt 0:00:07]} 5. exd5 {[%emt 0:00:21]} Qxd5 {[%emt 0:00:17]} 6. Bc4 {[%emt 0:00:11]} Qd6 {[%emt 0:00:06]} 7. O-O {[%emt 0:00:26]} Nf6 {[%emt 0:00:05]} 8. Nb3 {[%emt 0:00:31]} Nc6 {[%emt 0:00:05]} 9. Nbxd4 {[%emt 0:00:21]} Nxd4 {[%emt 0:00:11]} 10. Nxd4 {[%emt 0:00:50]} Be7 {[%emt 0:04:31]} 11. c3 {[%emt 0:00:22]} O-O {[%emt 0:00:43]} 12. Qf3 {[%emt 0:05:01]} Qc7 {[%emt 0:00:00]} 13. Bb3 {[%emt 0:00:08]} Bd6 {[%emt 0:01:22]} 14. h3 {[%emt 0:04:05]} Bh2+ {[%emt 0:00:48]} 15. Kh1 {[%emt 0:00:05]} Be5 {[%emt 0:02:38]} 16. Be3 {[%emt 0:05:28]} Bd7 {[%emt 0:00:00]} 17. Rfe1 {[%emt 0:01:07]} Rfd8 {[%emt 0:00:00]} 18. Rad1 {[%emt 0:01:38]} h6 {[%emt 0:03:03]} 19. Qe2 {[%emt 0:08:29]} Bf4 {[%emt 0:00:09]} 20. Bxf4 {[%emt 0:05:07]} Qxf4 {[%emt 0:00:05]} 21. Kg1 {[%emt 0:03:19]} a5 {[%emt 0:01:58]} 22. a3 {[%emt 0:05:14]} Qc7 {[%emt 0:03:01]} 23. Ba2 {[%emt 0:09:49]} Qb6 {[%emt 0:00:00]} 24. Rd2 {[%emt 0:01:47]} Rac8 {[%emt 0:02:19]} 25. Red1 {[%emt 0:00:50]} Ba4 {[%emt 0:00:51]} 26. b3 {[%emt 0:08:15]} Bd7 {[%emt 0:00:20]} 27. c4 {[%emt 0:02:49]} Re8 {[%emt 0:18:07]} 28. Nf3 {[%emt 0:11:53]} Bc6 {[%emt 0:00:00]} 29. Ne5 {[%emt 0:01:03]} Qc5 {[%emt 0:00:00]} 30. Nxc6 {[%emt 0:03:29]} Rxc6 {[%emt 0:02:20]} 31. a4 {[%emt 0:02:30]} e5 {[%emt 0:02:28]} 32. Bb1 {[%emt 0:01:02]} Kf8 {[%emt 0:00:00]} 33. Qe3 {[%emt 0:02:06]} Qxe3 {[%emt 0:00:00]} 34. fxe3 {[%emt 0:00:05]} Ke7 {[%emt 0:00:00]} 35. g4 {[%emt 0:04:47]} Rec8 {[%emt 0:00:00]} 36. Bf5 {[%emt 0:03:00]} R8c7 {[%emt 0:00:00]} 37. Rd8 {[%emt 0:00:05]} g6 {[%emt 0:00:00]} 38. Bc2 {[%emt 0:00:03]} Rc8 {[%emt 0:00:00]} 39. R8d2 {[%emt 0:00:41]} R6c7 {[%emt 0:00:00]} 40. Kg2 {[%emt 0:02:29]} Rd7 {[%emt 0:00:00]} 41. Rxd7+ {[%emt 0:00:31]} Nxd7 {[%emt 0:00:00]} 42. Rd5 {[%emt 0:00:18]} b6 {[%emt 0:01:34]} 43. Kf3 {[%emt 0:00:38]} Rc5 {[%emt 0:07:05]} 44. Rxc5 {[%emt 0:03:27]} Nxc5 {[%emt 0:00:00]} 45. Ke2 {[%emt 0:00:03]} Kd6 {[%emt 0:02:48]} 46. Kd2 {[%emt 0:00:43]} Ne6 {[%emt 0:00:00]} 47. Be4 {[%emt 0:03:30]} Ng5 {[%emt 0:00:00]} 48. Bg2 {[%emt 0:00:04]} f5 {[%emt 0:00:00]} 49. Kd3 {[%emt 0:01:55]} e4+ {[%emt 0:01:49]} 50. Kc3 {[%emt 0:00:28]} fxg4 {[%emt 0:00:19]} 51. hxg4 {[%emt 0:00:05]} Kc5 {[%emt 0:00:04]} 52. Kd2 {[%emt 0:02:28]} Kb4 {[%emt 0:00:24]} 53. Kc2 {[%emt 0:00:21]} h5 {[%emt 0:00:00]} 54. gxh5 {[%emt 0:00:16]} gxh5 {[%emt 0:00:00]} 55. Bh1 {[%emt 0:00:56]} h4 {[%emt 0:00:01]} 56. Bg2 {[%emt 0:00:16]} h3 {[%emt 0:00:14]} 57. Bh1 {[%emt 0:00:03]} Nf3 {[%emt 0:04:02]} 58. Kb2 {[%emt 0:00:53]} Nd2 {[%emt 0:00:05]} 59. Kc2 {[%emt 0:00:51]} Nxb3 {[%emt 0:00:16]} 0-1

[Event "XII Sabadell Open 2019"]
[Site "Sabadell"]
[Date "2019.09.02"]
[Round "1.7"]
[White "Harikrishnan.A.Ra"]
[Black "Rodriguez Velasco, German Enrique"]
[Result "1-0"]
[WhiteElo "2422"]
[BlackElo "2148"]
[Annotator "NA"]
[PlyCount "57"]
[EventDate "2019.09.01"]
[EventCountry "ESP"]
[SourceTitle "playchess.com"]
[Source "ChessBase"]
[SourceQuality "1"]
[TimeControl "5400+30"]

1. e4 {[%emt 0:10:14]} c5 {[%emt 0:05:47]} 2. Nf3 {[%emt 0:00:08]} e6 {[%emt 0:00:14]} 3. d3 {[%emt 0:01:01]} Nc6 {[%emt 0:00:19]} 4. g3 {[%emt 0:00:05]} d5 {[%emt 0:01:27]} 5. Nbd2 {[%emt 0:00:34]} Nf6 {[%emt 0:03:24]} 6. Bg2 {[%emt 0:00:26]} Be7 {[%emt 0:00:12]} 7. O-O {[%emt 0:00:03]} O-O {[%emt 0:00:17]} 8. Re1 {[%emt 0:00:02]} Rb8 {[%emt 0:04:32]} 9. e5 {[%emt 0:00:52]} Nd7 {[%emt 0:00:24]} 10. Nf1 {[%emt 0:00:03]} b5 {[%emt 0:00:13]} 11. h4 {[%emt 0:00:05]} b4 {[%emt 0:02:06]} 12. Bf4 {[%emt 0:00:30]} a5 {[%emt 0:00:53]} 13. N1h2 {[%emt 0:00:22]} Nd4 {[%emt 0:07:03]} 14. Nxd4 {[%emt 0:00:15]} cxd4 {[%emt 0:00:06]} 15. Qg4 {[%emt 0:01:01]} Re8 {[%emt 0:00:26]} 16. h5 {[%emt 0:06:50]} f5 {[%emt 0:07:43]} 17. exf6 {[%emt 0:00:15]} Nxf6 {[%emt 0:00:06]} 18. Qe2 {[%emt 0:00:56]} Bd6 {[%emt 0:00:53]} 19. Be5 {[%emt 0:01:03]} Bxe5 {[%emt 0:03:43]} 20. Qxe5 {[%emt 0:00:02]} Bd7 {[%emt 0:00:06]} 21. h6 {[%emt 0:00:25]} Rc8 {[%emt 0:08:45]} 22. Rac1 {[%emt 0:01:42]} gxh6 {[%emt 0:01:16]} 23. Qxd4 {[%emt 0:00:03]} Qe7 {[%emt 0:00:26]} 24. Nf3 {[%emt 0:00:39]} Rc5 {[%emt 0:01:54]} 25. Ne5 {[%emt 0:00:28]} Rec8 {[%emt 0:00:36]} 26. Nxd7 {[%emt 0:00:52]} Nxd7 {[%emt 0:00:06]} 27. Bxd5 {[%emt 0:00:22]} Nf8 {[%emt 0:00:19]} 28. Qg4+ {[%emt 0:03:32]} Kf7 {[%emt 0:00:21]} 29. Bc4 {[%emt 0:01:25]} 1-0

[Event "XII Sabadell Open 2019"]
[Site "Sabadell"]
[Date "2019.09.02"]
[Round "1.8"]
[White "Cifuentes, John Jairo"]
[Black "Martinez Romero, Martin"]
[Result "1/2-1/2"]
[WhiteElo "2141"]
[BlackElo "2421"]
[Annotator "TA"]
[PlyCount "93"]
[EventDate "2019.09.01"]
[EventCountry "ESP"]
[SourceTitle "playchess.com"]
[Source "ChessBase"]
[SourceQuality "1"]

{[%evp 9,93,17,20,21,30,28,39,33,50,46,74,56,107,50,38,48,100,109,105,103,108,110,86,82,114,102,123,70,60,64,50,37,34,28,30,32,37,33,17,22,29,0,0,0,-3,-12,0,0,0,0,0,0,0,0,0,0,0,0,26,0,172,0,0,0,0,0,58,58,108,108,108,108,108,0,0,0,0,0,0,0,0,0,0,0,52,0]} 1. e4 c5 2. Nf3 d6 3. Bb5+ Bd7 4. Bc4 Nc6 (4... Nf6 5. d3 Nc6 6. a3 e6 7. O-O Be7 8. Nc3 O-O 9. Re1 a6 10. Ba2 b5 11. Ne2 d5 12. e5 {1-0 (67) Hansen,E (2603)-Smith,B (2423) chess.com INT 2017}) 5. O-O Na5 $146 ({Predecessor:} 5... Nf6 6. Re1 e6 7. c3 Be7 8. Bf1 O-O 9. d4 cxd4 10. cxd4 d5 11. e5 Ne4 12. Nbd2 Nxd2 13. Bxd2 Qb6 {½-½ (13) Rasik,V (2472)-Jaworski,M (2387) Czechia 2004}) 6. Bd3 {B52: Sicilian: Moscow Variation with 3...Bd7} e5 7. c3 Nf6 8. Re1 g6 9. Bf1 Bg7 10. d4 Qc7 (10... exd4 $14 11. cxd4 cxd4) 11. dxe5 (11. b4 $16) 11... dxe5 $14 12. b4 cxb4 ({Better is} 12... Nc6 $1 $14) 13. cxb4 $16 Nc4 14. Nbd2 Nxd2 15. Qxd2 Bg4 16. Bb2 Nd7 17. Rac1 Qb6 {[#]} 18. h3 (18. a4 $1 $16) 18... Bxf3 $1 $14 19. gxf3 Rd8 20. Red1 O-O 21. Qd6 Qxd6 22. Rxd6 {Strongly threatening Rcd1.} Nb6 23. Rxd8 Rxd8 24. Rc7 Rd7 25. Rc5 f6 26. Bc1 Bf8 27. Ra5 Bxb4 28. Rxa7 Bc5 29. Be3 Bxe3 30. fxe3 $11 {[%mdl 4096] Endgame KRB-KRN} Kf8 31. a4 {[%cal Ba2a4,Ba4a5,Ba5a6][%mdl 32]} Ke7 32. a5 Nc8 $1 {[%cal Rc8a7]} 33. Ra8 Kd8 34. a6 b6 $2 {[#]} (34... bxa6 $11 {and Black is okay.} 35. Bxa6 Rc7) 35. Bc4 $2 (35. Rb8 $1 $18) 35... Ra7 36. Rxa7 $1 Nxa7 {KB-KN} 37. Bg8 Ke7 (37... h6 $1 $11) 38. Kf2 $14 ({Avoid the trap} 38. Bxh7 $2 Kf7 $19) 38... h6 39. Kg3 b5 40. f4 b4 41. f5 (41. Kh4 $16) 41... g5 $11 42. Kg4 Kf8 43. Bb3 Nb5 44. Kh5 Kg7 $1 45. Bd5 Na7 46. Bb3 (46. Ba2 $11) 46... Nb5 $1 $14 47. Bd5 {Accuracy: White = 67%, Black = 50%.} (47. Ba2 $14) 1/2-1/2

[Event "XII Sabadell Open 2019"]
[Site "Sabadell"]
[Date "2019.09.02"]
[Round "1.10"]
[White "Kulkarni, Vinayak"]
[Black "Avila Pavas, Santiago"]
[Result "1/2-1/2"]
[WhiteElo "2121"]
[BlackElo "2412"]
[Annotator "TA"]
[PlyCount "72"]
[EventDate "2019.09.01"]
[EventCountry "ESP"]
[SourceTitle "playchess.com"]
[Source "ChessBase"]
[SourceQuality "1"]

{[%evp 21,72,103,134,88,97,60,71,40,53,53,81,-12,-12,-18,-11,-10,36,37,37,46,46,53,49,-18,8,8,13,12,10,25,63,47,42,48,50,42,42,42,42,47,41,47,44,10,62,73,107,104,122,0,0,0,124]} 1. d4 Nf6 2. c4 c5 3. d5 e5 4. Nc3 d6 5. e4 Be7 6. Nf3 O-O 7. Be2 Nbd7 8. O-O Ne8 9. a3 b6 10. b4 g6 11. Bh6 Ng7 12. Rb1 {E94: King's Indian: Classical: 6 Be2 e5 7 0-0: Various Black 7th moves} (12. Qd2 Nf6 13. Ne1 Kh8 14. Nd3 Ng8 15. Be3 f5 16. f4 exf4 17. Bxf4 fxe4 18. Nxe4 Bf5 19. Ng3 Bf6 20. Rae1 Qd7 21. Nxf5 Nxf5 {½-½ (48) Miton,K (2653)-Marin,M (2533) Torrelavega 2007}) 12... a5 $146 ({Predecessor:} 12... Nf6 13. Ne1 Kh8 14. bxc5 bxc5 15. Nd3 Ng8 16. Bd2 f5 17. f4 fxe4 18. Nxe4 Bf5 19. Bf3 exf4 20. Nxf4 {½-½ (20) Farago,I-Peev,P Sofia 1970}) 13. Qa4 Ra6 {[#] White must now prevent ...axb4.} 14. Qb5 {White is better.} axb4 15. axb4 Ra3 16. Na4 (16. Rfc1 $16) 16... Nf6 $11 {[%cal Bd7f6,Bf6e4,Be4c3][%mdl 32]} 17. Nxb6 {Threatens to win with bxc5.} Nxe4 18. bxc5 $1 Nc3 19. Qb2 Nxb1 20. Rxb1 ({Reject} 20. Nxc8 Qxc8 21. cxd6 Bxd6 $15) 20... Bf5 21. Re1 Ra5 22. cxd6 (22. c6 $1 $14) 22... Qxd6 {And now ...g5 would win.} 23. Qxe5 Qxe5 24. Nxe5 Bb4 25. Rd1 {Strongly threatening Nc6.} Ra2 26. Bf1 Re8 $1 {[%cal Re8e5]} 27. Nbd7 Bxd7 28. Nxd7 {aiming for Nf6+.} Re1 29. Nf6+ Kh8 30. Rxe1 Bxe1 31. Be3 Nf5 32. Bb6 Rb2 (32... Nd6 $11) 33. Nd7 $1 $14 Rd2 {[#]} 34. Ne5 $1 {[%cal Re5d3] Nd3 is the strong threat.} Rb2 35. Nd7 (35. Bc5 $16) 35... Rd2 $1 $11 36. Ne5 ({Better is} 36. g3 $11) 36... Rb2 {Accuracy: White = 38%, Black = 54%.} 1/2-1/2